One piece quiz saga Water Seven - Statistiques

Statistiques générales
  • Ce quiz a été pris 173 fois
  • Le résultat moyen est 8 sur 15
Statistiques - réponses
Question Réponse % Correct
Comment est surnommer Water Seven ? La cité sur l'eau
79%
Comment s'appelle le cheval de Tonjit ? Shelly
79%
A combien d'année remonte le passé de Robin ? 20 ans
70%
Quelle est le premier charpentier que l'équipage voit en premier ? Kaku
67%
Comment s'apelle le quai où les meilleurs charpentier travaillent ? Le quai numéro 1
66%
Comment s'appelle la mer que Kokoro leur a parlé ? Le triangle de Florian
64%
Quelle est la prime de Franky 44 millions
57%
Combien de gear Luffy débloque t-il par son combat contre Lucci ? 2
56%
De qui est composés le premier groupe participant au Davy Back Fight ? Nami, Usopp, Robin
54%
Dans le passé de Franky quel âge avait-il ? 12 ans
48%
Comment les Mugiwara rejoins t'il Water Seven ? A l'aide du Vogue Merry
46%
Quelle est l'ennemi qui combat Franky ? Fukuro
43%
A Enies Lobby quels sont l'ordre des Mugiwara à être montés sur le toit ? Luffy, Nami, Chopper, Zoro, Sanji, Usopp
31%
Quelle est le numéro de la clé des menottes de Robin ? 5
30%
Quel sont les membres d'équipages à être montés dans le "Puffing Tom" Sanji, Usopp
15%
Aucun quiz correspondant
Distribution des résultats
% des personnes avec chaque résultat
Percentile par nombre de réponses
Votre historique - résultats
Vous n’avez pas pris ce quiz